Normal view
MARC view
- World War, 1914-1918.
Entry Topical Term
001 - CONTROL NUMBER
- control field: 28173
003 - CONTROL NUMBER IDENTIFIER
- control field: NUST
005 - DATE AND TIME OF LATEST TRANSACTION
- control field: 20200129105922.0
008 - FIXED-LENGTH DATA ELEMENTS
- fixed length control field: 200129|| aca||aabn | a|a d
040 ## - CATALOGING SOURCE
- Original cataloging agency: NUST
- Transcribing agency: NUST
150 ## - HEADING--TOPICAL TERM
- Topical term or geographic name entry element: World War, 1914-1918.
670 ## - SOURCE DATA FOUND
- Source citation: Work cat.: (NUST)0: Donald Sommeruille , 1881-1947. 28172, The first and second world wars., [2010]
